Mooladhanam (Record no. 74450)

MARC details
000 -LEADER
fixed length control field 00372nam a2200145Ia 4500
008 - FIXED-LENGTH DATA ELEMENTS--GENERAL INFORMATION
fixed length control field 211109s9999||||xx |||||||||||||| ||und||
082 ## - DEWEY DECIMAL CLASSIFICATION NUMBER
Classification number 0
Item number THO-M
100 ## - MAIN ENTRY--PERSONAL NAME
Personal name Thoppil, Bhassi
245 #0 - TITLE STATEMENT
Title Mooladhanam
260 ## - PUBLICATION, DISTRIBUTION, ETC.
Name of publisher, distributor, etc. Prabhatham Printing &publishing Company
Place of publication, distribution, etc. Thiruvanathapuram
Date of publication, distribution, etc. 1978
300 ## - PHYSICAL DESCRIPTION
Extent 240p
630 ## - SUBJECT ADDED ENTRY--UNIFORM TITLE
General subdivision GENERAL STACK
942 ## - ADDED ENTRY ELEMENTS (KOHA)
Koha item type BOOK
650 ## - SUBJECT ADDED ENTRY--TOPICAL TERM
Form subdivision Malayalam
Holdings
Withdrawn status Lost status Source of classification or shelving scheme Damaged status Not for loan Home library Current library Date acquired Cost, normal purchase price Full call number Barcode Shelving location Date last seen Price effective from Koha item type
    Dewey Decimal Classification     SB LIBRARY SB LIBRARY 09/11/2021 7.00 894.8122 THO-M 00058866 GENERAL STACK 09/11/2021 09/11/2021 BOOK

Powered by Koha